Making Your Mind Up - Bucks Fizz (All Lyrics) - Statistics

General Stats
  • This quiz has been taken 12 times
  • The average score is 222 of 302
Answer Stats
Answer % Correct
a
100%
down
100%
got
100%
gotta
100%
it
100%
making
100%
mind
100%
the
100%
time
100%
to
100%
up
100%
You
100%
you
100%
your
100%
and
83%
And
83%
be
83%
game
83%
more
83%
rules
83%
slow
83%
speed
83%
then
83%
about
67%
as
67%
believe
67%
can
67%
Don't
67%
don't
67%
For
67%
for
67%
from
67%
if
67%
it's
67%
know
67%
let
67%
love
67%
on
67%
play
67%
see
67%
some
67%
take
67%
that
67%
turn
67%
when
67%
You're
67%
you're
67%
around
50%
behind
50%
But
50%
but
50%
by
50%
change
50%
comes
50%
find
50%
gonna
50%
hit
50%
how
50%
inner
50%
of
50%
out
50%
something
50%
soon
50%
sure
50%
talk
50%
there
50%
Trust
50%
vision
50%
act
33%
Bending
33%
care
33%
'Cause
33%
everybody's
33%
fly
33%
indecision
33%
indecision,
33%
less
33%
looking
33%
make
33%
money
33%
others
33%
our
33%
put
33%
right
33%
run
33%
top
33%
try
33%
want
33%
will
33%
arrived
17%
burn
17%
chance
17%
it'll
17%
night
17%
one
17%
think
17%
times
17%
another
0%
Before
0%
decide
0%
Get
0%
show
0%
No matching quizzes found
Score Distribution
Percent of People with Each Score
Percentile by Number Answered
Your Score History
You have not taken this quiz